000 00288nam a22001337a 4500
008 210511b ||||| |||| 00| 0 eng d
041 _aeng
080 _a574
082 _a574
100 _a10
101 _aMJE
245 _aThe Practice of Sanitation
_cHopkins,E.S
942 _2udc
_cBK
999 _c57140
_d57140